000 00586cam a22002173a 4500
001 36777
003 PGUSA
005 20140828083814.0
008 110720s2011||||xxu|||||s|||||000 | eng d
040 _aPGUSA
_beng
042 _adc
100 1 _aAusten, Jane,
_d1775-1817
245 1 0 _aPersuasion
_h[electronic resource] /
_cJane Austen
260 _bProject Gutenberg,
_c2011
506 _aPublic domain in the USA.
516 _aElectronic text
700 1 _aLetorsay, Mme
830 0 _aProject Gutenberg
_v36777
856 4 0 _uhttp://www.gutenberg.org/ebooks/36777
942 _cEB
999 _c266032
_d266032